000 00393nam a2200181Ia 4500
003 0STCL
008 150530s9999 xx 000 0 und d
040 _aSTCL
_cSTCL
100 _aSuprabha Chandran
245 _aEzhajanthukkalude Malam
250 _a1
260 _bAuthor
_c1982
300 _a0
546 _aMalayalam
942 _2ddc
_cBK
999 _c48828
_d48828
005 20220125170752.0